Most wins in UFC history - Statistics

General Stats
  • This quiz has been taken 313 times
  • The average score is 4 of 11
Answer Stats
Wins Answer % Correct
18 Jones
80%
17 Silva
71%
22 Cerrone
63%
20 St pierre
53%
18 Miller
49%
20 Bisping
30%
18 Hughes
28%
17 Dos Anjos
15%
17 Edgar
15%
18 Sanchez
13%
20 Maia
12%
No matching quizzes found
Score Distribution
Percent of People with Each Score
Percentile by Number Answered
Your Score History
You have not taken this quiz